| 000 | 00945nam a2200229Ia 4500 | ||
|---|---|---|---|
| 001 | L282-22836 | ||
| 003 | IT-CnALBA | ||
| 008 | 170116s9999||||xx |||||||||||||| ||und|| | ||
| 040 |
_aIT-CnALBA _cIT-CnALBA |
||
| 041 | _aITALIANO | ||
| 100 | _aBARRUEL, ABATE | ||
| 245 | 0 | _aSTORIA DEL CLERO IN TEMPO DELLA RIVOLUZIONE FRANCESE. | |
| 250 | _a1a ed. | ||
| 260 |
_aROMA _bPROPAGANDA FIDE. TIPOGR. POLIGL. ROMA _c1888 [1° Ed.: n.d.] |
||
| 300 | _a452 p. (prefazione: 5) | ||
| 500 | _aTRADUZIONE DAL FRANCESE DI GIULIO ALVISINI, ABATE DI FARFA. IMPAGINAZIONE SBAGLIATA. CONFRONTA DOCUMENTO 22835: DOPPIONE. | ||
| 501 | _aSocietà San Paolo EM - Piazza San Paolo, 14 - 12051 ALBA (CN) (non commercial uses only) ® Copyright 2017 | ||
| 520 | _aTRADUZIONE DAL FRANCESE DI GIULIO ALVISINI, ABATE DI FARFA. IMPAGINAZIONE SBAGLIATA. CONFRONTA DOCUMENTO 22835: DOPPIONE. | ||
| 650 | _aCHIESA CATTOLICA | ||
| 942 | _cBK | ||
| 957 | _71 | ||
| 999 |
_a27577 _bSI _g Copie: 1 _c281936 _d281936 |
||